00727cam a2200229 i 4500001000500000005001700005020001800022040002800040050001400068082000800082100003700090245003300127250004000160260005000200300006000250490002200310505000800332520009800340521002000438521002000458650001900478316220240215085548.0 a9780316043496 aDLCbengerdacDLCdDLC00aPZ7.P244700a3021 aParr, Toddeauthor,eillustrator14aThe peace book /cParr, Todd aFirst paperback Edition, April 2009 aNew York :bLittle ,Brown and Company, c2004 a30 unnumbered pages : bcolor illustrations; c26 cm . 0 aTodd Parr's books aE  aDescribes peace as making new friends, sharing a meal, feeling good about yourself, and more. a280 bLexile  aE bRaz-Plus  1aPeacevFiction